| 000 | 01470nam a2200337 a 4500 | ||
|---|---|---|---|
| 001 | ebr10172263 | ||
| 003 | CaPaEBR | ||
| 006 | m u | ||
| 007 | cr cn||||||||| | ||
| 008 | 081017s2007 enk sb 100 0 eng d | ||
| 020 | _z9781846633485 | ||
| 020 | _z9781846633492 | ||
| 040 |
_aCaPaEBR _cCaPaEBR |
||
| 035 | _a(OCoLC)648209304 | ||
| 050 | 1 | 4 |
_aZ672.5 _b.S53 2006eb |
| 110 | 2 |
_aShanghai International Library Forum _n(3rd : _d2006 : _cShanghai, China) |
|
| 245 | 1 | 0 |
_aSelected papers from the 3rd Shanghai International Library Forum _h[electronic resource] / _ceditor, Stephen O'Connor. |
| 260 |
_a[Bradford, England] : _bEmerald, _c2007. |
||
| 300 | _a108 p. | ||
| 490 | 1 |
_aLibrary management (Bradford, England), _x0143-5124 ; _vv. 28, no. 1/2 |
|
| 490 | 0 |
_aManagement innovation and library services ; _vpt. 2 |
|
| 504 | _aIncludes bibliographical references. | ||
| 533 |
_aElectronic reproduction. _bPalo Alto, Calif. : _cebrary, _d2013. _nAvailable via World Wide Web. _nAccess may be limited to ebrary affiliated libraries. |
||
| 650 | 0 |
_aLibrary science _vCongresses. |
|
| 650 | 0 |
_aInformation science _vCongresses. |
|
| 655 | 7 |
_aElectronic books. _2local |
|
| 700 | 1 | _aO'Connor, Stephen. | |
| 710 | 2 | _aebrary, Inc. | |
| 830 | 0 |
_aLibrary management (Bradford, West Yorkshire, England) ; _vv. 28, no. 1/2. |
|
| 856 | 4 | 0 |
_uhttp://site.ebrary.com/lib/rucke/Doc?id=10172263 _zAn electronic book accessible through the World Wide Web; click to view |
| 999 |
_c139285 _d139285 |
||